000
00305nam a2200133Ia 4500
003
OSt
008
191201s2009 xx 000 0 und d
100
_a
GOVINDARAJAN, M
245
0
_a
Industrial Marketing MBA SEM-4
260
_a
N. Delhi
_b
Vikas Pub
_c
2009
300
_a
292
650
_a
MBA
942
_2
ddc
_c
BK
999
_c
268
_d
268